Т. 16, № 4; Известия Томского Технологического Института [Известия ТТИ]

Dades bibliogràfiques
Parent link:Известия Томского Технологического Института [Известия ТТИ]/ Томский технологический институт (ТТИ). Т. 16, № 4.— , 1903-1925
Sumari:Текст в русской дореформенной орфографии
Раздельная пагинация страниц
Idioma:rus
Publicat: Типо-литография Сибирского Т-ва Печатного Дела, 1909
Matèries:
Format: MixedMaterials Llibre
KOHA link:https://koha.lib.tpu.ru/cgi-bin/koha/opac-detail.pl?biblionumber=165054

MARC

LEADER 00000nam2a2200000 4500
001 165054
005 20231101222527.0
035 |a (RuTPU)RU\TPU\book\179065 
035 |a RU\TPU\book\176194 
090 |a 165054 
100 |a 20090914d1909 k y0rusy50 ca 
101 0 |a rus 
102 |a RU 
105 |a a z 000zy 
200 0 |a Т. 16, № 4 
210 |c Типо-литография Сибирского Т-ва Печатного Дела  |d 1909 
215 |a 116, 41, 42, 2 с.  |c табл., черт. 
300 |a Текст в русской дореформенной орфографии 
300 |a Раздельная пагинация страниц 
461 1 |0 (RuTPU)RU\TPU\book\165999  |t Известия Томского Технологического Института [Известия ТТИ]  |f Томский технологический институт (ТТИ)  |v Т. 16, № 4  |d 1903-1925 
606 |a Фауна  |2 stltpush  |3 (RuTPU)RU\TPU\subj\63338  |9 80367 
606 |a Деформация  |2 stltpush  |3 (RuTPU)RU\TPU\subj\9389  |9 36648 
606 |a Высшие учебные заведения  |x Профессрско-преподавательский состав  |x Трудовые права  |2 stltpush  |3 (RuTPU)RU\TPU\subj\4007  |9 32323 
610 1 |a технические вузы 
610 1 |a Сибирь 
610 1 |a Томск 
610 1 |a исследования 
610 1 |a юрские отложения 
610 1 |a фауна 
610 1 |a Дагестан 
610 1 |a стальные шарики 
610 1 |a удар 
610 1 |a деформация 
610 1 |a заграничные командировки 
610 1 |a отчеты 
610 1 |a профессора 
610 1 |a подготовка 
610 1 |a кандидаты 
610 1 |a приготовление 
610 1 |a труды учёных ТПУ 
610 1 |a Дагестан 
610 1 |a коллекция ТПУ 
675 |a 562/569  |v 3 
675 |a 539.3  |v 3 
686 |a Ч481.42  |v LBC/SL  |2 rubbk 
801 1 |a RU  |b 63413507  |c 20090209  |g PSBO 
801 2 |a RU  |b 63413507  |c 20190620  |g PSBO 
942 |c BK